000 00508nam a2200181 i 4500
001 72448
003 ES-MaACL
005 20250704063115.0
007 t|
008 040901s1963 sp ||||1| spa d
100 1 _aGironella, José María,
_d1917-2003
_957298
245 1 0 _aPersonas, ideas, mares /
_cJosé Mª Gironella.
250 _a[1ª ed.].
260 _aBarcelona :
_bPlaneta,
_c[1963]
300 _a405 p. ;
_c19 cm.
852 _aES-MaACL
_jC-25084
_bR.53891
999 _c72448
_d72448